[Event "Zuerich op-B 26th"]
[Site "Zuerich"]
[Date "2002.??.??"]
[Round "2"]
[White "Valencak, Stanislav"]
[Black "Mihajlovic, Aleksa"]
[Result "1-0"]
[WhiteElo "1887"]
[BlackElo "1755"]
[PlyCount "105"]
[EventDate "2002.12.26"]
[EventType "swiss"]
[EventRounds "7"]
[EventCountry "SUI"]
[SourceTitle "EXT 2019"]
[Source "ChessBase"]
[SourceDate "2018.10.10"]
[SourceVersion "1"]
[SourceVersionDate "2018.10.10"]
[SourceQuality "1"]

1. e4 Nc6 2. d4 d5 3. e5 Bf5 4. Nf3 e6 5. Bb5 Nge7 6. 0-0 a6 7. Ba4 b5 8. Bb3 Bg4 9. c3 Na5 10. Bc2 Nc8 11. Be3 Nc4 12. b3 N4b6 13. Nbd2 Be7 14. h3 Bh5 15. Qe2 Nd7 16. c4 bxc4 17. bxc4 dxc4 18. Be4 Rb8 19. Qxc4 Ncb6 20. Qxa6 0-0 21. Rfc1 f5 22. exf6 Nxf6 23. Ne5 Be8 24. Bc6 Bd6 25. Ndf3 Nbd5 26. Bg5 Ne7 27. a4 h6 28. Bh4 Nfd5 29. Bxe8 Qxe8 30. Qe2 Nf5 31. Qe4 Nxh4 32. Qxh4 Rf4 33. Qg3 Rf5 34. Qg6 Qc8 35. Re1 Rb2 36. Nd3 Rf6 37. Qg4 Rb6 38. Nc5 Nf4 39. Ne5 Rb4 40. Ne4 Rf5 41. Nxd6 cxd6 42. Ng6 Qb7 43. Nxf4 Rg5 44. Qxe6+ Kh7 45. Qe4+ Kg8 46. Qxb7 Rxb7 47. Re6 Rb6 48. Re7 Ra6 49. Ne6 Rg6 50. Rc1 Ra8 51. Rcc7 h5 52. Nxg7 Rxa4 53. Nxh5 1-0